Guess the Taylor Swift song no hints #42 - Statistics

General Stats
  • This quiz has been taken 58 times
  • The average score is 158 of 230
Answer Stats
Answer % Correct
a
100%
I
100%
the
100%
The
100%
And
98%
and
98%
me
98%
I'm
95%
ya
95%
you
95%
be
93%
It
93%
it
93%
It's
93%
it's
93%
to
93%
in
90%
my
90%
so
88%
that
88%
That
88%
your
88%
Your
88%
know
85%
like
85%
all
83%
don't
80%
Don't
80%
just
80%
of
80%
time
78%
can
76%
been
73%
long
73%
with
73%
But
71%
got
66%
now
66%
oh
66%
some
66%
out
63%
Would
61%
right
59%
Right
59%
down
54%
life
54%
over
54%
Yes
51%
doing
49%
better
46%
closure
46%
need
46%
letter
44%
Still
44%
way
44%
went
44%
bone
41%
feel
41%
new
41%
put
41%
cut
39%
fine
39%
friends
39%
Looks
39%
wasn't
39%
deep
37%
needs
34%
nice
34%
treat
34%
handled
32%
name
32%
tears
32%
candles
29%
pain
29%
situation
29%
spite
29%
Wrinkle
29%
between
27%
iron
27%
sea
27%
shape
27%
Staying
27%
across
24%
beers
24%
fake
24%
Guilty
24%
guilty
24%
reaching
24%
unnecessary
24%
spells
22%
smoothing
20%
seeing
17%
No matching quizzes found
Score Distribution
Percent of People with Each Score
Percentile by Number Answered
Your Score History
You have not taken this quiz